000 00886cab a22002175a 4500
001 L138813
008 070712e20070707xxko f 000 0 eng d
035 _a(Sirsi) u138813
041 0 _aeng
100 1 _aCunningham, Daniel
245 0 0 _aFocus
_bSurrey, Sussex and Kent
260 _c2007
490 _aEstates Gazette
_v(0727) 7 July 2007, 145-159(7)
520 _aReports that commercial property markets across the region are lacking stock and prime land in parts, but maintaining a stable performance. Investors are competing for prime space, but showing little interest in secondary stock. Despite the retail market cooling elsewhere in the UK, the South East's remains constant.
590 _aKA
651 4 _aEngland
_y886-
690 _aPROPERTY-COMMERCIAL PROPERTY-COMMERCIAL PROPERTY MARKET
700 1 _aClarkson, Melanie
700 _aRobson, Claire
942 _n0
999 _c78997
_d78997